Maidstone BC v SoS Environment & another (Record no. 6982)

MARC details
000 -LEADER
fixed length control field 01527cab a2200241 4500
001 - CONTROL NUMBER
control field ABS54524
008 - FIXED-LENGTH DATA ELEMENTS--GENERAL INFORMATION
fixed length control field 090401t1996 xxu||||| |||| 00| 0 eng d
035 ## - SYSTEM CONTROL NUMBER
System control number (Sirsi) u10960
041 ## - LANGUAGE CODE
Language code of text/sound track or separate title eng
245 ## - TITLE STATEMENT
Title Maidstone BC v SoS Environment & another
260 ## - PUBLICATION, DISTRIBUTION, ETC.
Date of publication, distribution, etc. 1996
350 ## - PRICE (NR) (BK AM CF MU VM SE) [OBSOLETE]
Price 0
490 ## - SERIES STATEMENT
Series statement Estates Gazette
Volume/sequential designation (1996) 06 EG 142-147(6)
520 ## - SUMMARY, ETC.
Summary, etc. CA 7 July 1995. M owned land required for a road scheme. In 1990 Kent CC (the second respondent) applied to M for a certificate of appropriate alternative development. M issued a certificate that planning permission for offices, residential development, hotel and/or car parking would be granted. S cancelled this certificate, stating that planning permission would be granted for car parking and road construction if the land were not proposed to be acquired. M`s appeal to quash S`s ruling under Land Compensation Act 1961 s5, contending that they were a willing seller and that the land had to be acquired by an authority with compulsory purchase powers, was rejected by the court below. Appeal dismissed. S5 has nothing to do with assumptions as to planning permission.
650 ## - SUBJECT ADDED ENTRY--TOPICAL TERM
Topical term or geographic name entry element CERTIFICATE OF APPROPRIATE ALTERNATIVE DEVELOPMENT
650 ## - SUBJECT ADDED ENTRY--TOPICAL TERM
Topical term or geographic name entry element LAND COMPENSATION ACT 1961 S5
650 ## - SUBJECT ADDED ENTRY--TOPICAL TERM
Topical term or geographic name entry element MAIDSTONE BC V SOS ENVIRONMENT AND ANOTHER
650 ## - SUBJECT ADDED ENTRY--TOPICAL TERM
Topical term or geographic name entry element PLANNING PERMISSION
650 ## - SUBJECT ADDED ENTRY--TOPICAL TERM
Topical term or geographic name entry element ROAD IMPROVEMENT SCHEME
690 ## - LOCAL SUBJECT ADDED ENTRY--TOPICAL TERM (OCLC, RLIN)
Topical term or geographic name as entry element ENVIRONMENTAL AND LAND CONSULTANCY-PLANNING AND DEVELOPMENT-COMPULSORY PURCHASE AND COMPENSATION
942 ## - ADDED ENTRY ELEMENTS (KOHA)
Suppress in OPAC 0
948 ## - LOCAL PROCESSING INFORMATION (OCLC); SERIES PART DESIGNATOR (RLIN)
c (OCLC) 04/03/1997
Holdings
Withdrawn status Lost status Source of classification or shelving scheme Damaged status Not for loan Home library Current library Shelving location Date acquired Total Checkouts Full call number Barcode Date last seen Copy number Price effective from Koha item type
    Dewey Decimal Classification     London London Journal article 14/09/1999   ABS54524 10960-1001 06/08/2019 1 06/08/2019 Law report